American Art Directory, 1993-94. (Record no. 1734)

MARC details
000 -CABECERA
campo de control de longitud fija 00715nam a2200241 a 4500
001 - NÚMERO DE CONTROL
campo de control BRCA_1964
005 - FECHA Y HORA DE LA ÚLTIMA TRANSACCIÓN
campo de control 20190320203622.0
008 - DATOS DE LONGITUD FIJA--INFORMACIÓN GENERAL
campo de control de longitud fija 930421s1993 nyu#---###---#000-0#eng-d
020 ## - NÚMERO INTERNACIONAL ESTÁNDAR DEL LIBRO
Número Internacional Estándar del Libro 0835232026
040 ## - FUENTE DE LA CATALOGACIÓN
Centro catalogador/agencia de origen ATM
Centro/agencia transcriptor ATM
Centro/agencia modificador OCL
050 #4 - SIGNATURA TOPOGRÁFICA DE LA BIBLIOTECA DEL CONGRESO
Número de clasificación N6512
Número de documento/Ítem .B69 1993
100 1# - ENTRADA PRINCIPAL--NOMBRE DE PERSONA
Nombre de persona Bowker, R.R.
9 (RLIN) 6027
245 10 - MENCIÓN DE TÍTULO
Título American Art Directory, 1993-94.
250 ## - MENCIÓN DE EDICIÓN
Mención de edición 54
260 ## - PUBLICACIÓN, DISTRIBUCIÓN, ETC.
Lugar de publicación, distribución, etc. Providence, New Jersey
Nombre del editor, distribuidor, etc. R.R. Bowker
Fecha de publicación, distribución, etc. 1993
300 ## - DESCRIPCIÓN FÍSICA
Extensión 820 p.
Dimensiones 29 cm.
500 ## - NOTA GENERAL
Nota general Incluye índice temático, índice de nombres y organizacional
650 14 - PUNTO DE ACCESO ADICIONAL DE MATERIA--TÉRMINO DE MATERIA
Término de materia o nombre geográfico como elemento de entrada Arte estadounidense
Subdivisión de forma Directorios
9 (RLIN) 6028
650 14 - PUNTO DE ACCESO ADICIONAL DE MATERIA--TÉRMINO DE MATERIA
Término de materia o nombre geográfico como elemento de entrada Arte
Subdivisión de forma Directorios
Subdivisión geográfica Canadá
9 (RLIN) 6029
650 14 - PUNTO DE ACCESO ADICIONAL DE MATERIA--TÉRMINO DE MATERIA
Término de materia o nombre geográfico como elemento de entrada Museo del arte
Subdivisión de forma Directorios
9 (RLIN) 6030
902 ## - CATALOGADOR
Iniciales REF
942 ## - ELEMENTOS DE PUNTO DE ACCESO ADICIONAL (KOHA)
Fuente del sistema de clasificación o colocación Library of Congress Classification
Tipo de ítem Koha Libros
Holdings
Estado de retiro Estado de pérdida Estado dañado No para préstamo Localización permanente Ubicación/localización actual Fecha de adquisición Total de préstamos Signatura topográfica completa Código de barras Fecha visto por última vez Precio válido a partir de Tipo de ítem Koha
El ejemplar forma parte de la colección y puede ser consultado según las políticas vigentes.       Biblioteca del Museo Franz Mayer (Rogerio Casas-Alatriste) Biblioteca del Museo Franz Mayer (Rogerio Casas-Alatriste) 30/07/2008   N6512 .B69 1993 REF00114 22/03/2019 22/03/2019 Libros